Dental instruments : (Record no. 22244)
[ view plain ]
| 000 -LEADER | |
|---|---|
| fixed length control field | 00973cam a22002895a 4500 |
| 001 - CONTROL NUMBER | |
| control field | 016688439 |
| 003 - CONTROL NUMBER IDENTIFIER | |
| control field | Uk |
| 005 - DATE AND TIME OF LATEST TRANSACTION | |
| control field | 20160828095231.0 |
| 008 - FIXED-LENGTH DATA ELEMENTS--GENERAL INFORMATION | |
| fixed length control field | 140410s2015 moua fr 001 0 eng|d |
| 015 ## - NATIONAL BIBLIOGRAPHY NUMBER | |
| National bibliography number | GBB441069 |
| Source | bnb |
| 016 7# - NATIONAL BIBLIOGRAPHIC AGENCY CONTROL NUMBER | |
| Record control number | 016688439 |
| Source | Uk |
| 020 ## - INTERNATIONAL STANDARD BOOK NUMBER | |
| International Standard Book Number | 9780323185943 |
| 020 ## - INTERNATIONAL STANDARD BOOK NUMBER | |
| International Standard Book Number | 0323185940 |
| 040 ## - CATALOGING SOURCE | |
| Original cataloging agency | StDuBDS |
| Language of cataloging | eng |
| Transcribing agency | StDuBDS |
| Modifying agency | EG-ScBUE |
| 082 04 - DEWEY DECIMAL CLASSIFICATION NUMBER | |
| Edition number | 22 |
| Classification number | 617.60028 |
| Item number | BOY |
| 100 1# - MAIN ENTRY--PERSONAL NAME | |
| Personal name | Bartolomucci Boyd, Linda R. |
| 9 (RLIN) | 40909 |
| 245 10 - TITLE STATEMENT | |
| Title | Dental instruments : |
| Remainder of title | a pocket guide / |
| Statement of responsibility, etc | Linda R. Bartolomucci Boyd. |
| 250 ## - EDITION STATEMENT | |
| Edition statement | 5th ed. |
| 260 ## - PUBLICATION, DISTRIBUTION, ETC. (IMPRINT) | |
| Place of publication, distribution, etc | Sant Louis, Missouri : |
| Name of publisher, distributor, etc | Suanders / Elsevier, |
| Date of publication, distribution, etc | c.2015. |
| 300 ## - PHYSICAL DESCRIPTION | |
| Extent | xvi, 744 p. : |
| Other physical details | ill. (black and white, and colour) ; |
| Dimensions | 19 cm. |
| 500 ## - GENERAL NOTE | |
| General note | Index : p. 731-744. |
| 650 #7 - SUBJECT ADDED ENTRY--TOPICAL TERM | |
| Topical term or geographic name as entry element | Dental instruments and apparatus. |
| Source of heading or term | BUEsh |
| 9 (RLIN) | 40769 |
| 650 #7 - SUBJECT ADDED ENTRY--TOPICAL TERM | |
| Topical term or geographic name as entry element | Dental instruments and apparatus |
| 9 (RLIN) | 40910 |
| Form subdivision | Handbooks, manuals, etc. |
| Source of heading or term | BUEsh |
| 651 ## - SUBJECT ADDED ENTRY--GEOGRAPHIC NAME | |
| Source of heading or term | BUEsh |
| 653 ## - INDEX TERM--UNCONTROLLED | |
| Resource For college | |
| Arrived date list | August 2016 |
| 942 ## - ADDED ENTRY ELEMENTS (KOHA) | |
| Source of classification or shelving scheme | Dewey Decimal Classification |
| Edition | 22 |
| Call number prefix | 617.60028 BOY |
| Withdrawn status | Item status | Source of classification or shelving scheme | Damaged status | Not for loan | Vendor | Home library | Current library | Shelving location | Date acquired | Source of acquisition | Cost, normal purchase price | Serial Enumeration / chronology | Total Checkouts | Full call number | Barcode | Date last seen | Cost, replacement price | Koha item type |
|---|---|---|---|---|---|---|---|---|---|---|---|---|---|---|---|---|---|---|
| Dewey Decimal Classification | Academic Bookshop | Central Library | Central Library | Ground Floor | 25/08/2016 | Purchase | 425.00 | 9126 | 617.60028 BOY | 000033173 | 15/07/2025 | 531.25 | Reference (NB) |